Financial Accounting (Record no. 38146)

MARC details
000 -LEADER
fixed length control field 00747nam a22002057a 4500
005 - DATE AND TIME OF LATEST TRANSACTION
control field 20100729112655.0
010 ## - LCCN (DPL NO)
LC control number B-418597
020 ## - INTERNATIONAL STANDARD BOOK NUMBER
International Standard Book Number 9788177582284
Terms of availability 475.00
035 ## - SYSTEM CONTROL NUMBER
System control number B-418597
037 ## - SOURCE OF ACQUISITION
Stock number UBH
Source of stock number/acquisition RP/CL/E;29/109/059/22-07-10/27-07-10
082 ## - DEWEY DECIMAL CLASSIFICATION NUMBER
Classification number 658.48
100 ## - MAIN ENTRY--PERSONAL NAME
Personal name Tulsian,P.C
245 ## - TITLE STATEMENT
Title Financial Accounting
Statement of responsibility, etc by P.C. Tulsian
260 ## - PUBLICATION, DISTRIBUTION, ETC. (IMPRINT)
Place of publication, distribution, etc New Delhi
Name of publisher, distributor, etc Pearson
Date of publication, distribution, etc 2006
270 ## - ADDRESS
Address 11 Community Centre Panchsheel Park
City New Delhi
300 ## - PHYSICAL DESCRIPTION
Extent Various pgs
Dimensions 26cm(Pbk)
942 ## - ADDED ENTRY ELEMENTS (KOHA)
Source of classification or shelving scheme Dewey Decimal Classification
Item type English Books
Classification part 658.48
Call number suffix TUL
Holdings
Withdrawn status Lost status Not for loan Home library Current library Date acquired Source of acquisition Full call number Barcode Cost, replacement price Koha item type
      Central Library Central Library 29/07/2010 RP/CL 658.48 TUL B-418597 475.00 English Books

© Delhi Public Library
Hit Counter
free hit counter